[Event "TeamRussiamenrapid"]
[Site "?"]
[Date "2016.10.06"]
[Round "9.5"]
[White "Savchenko, Boris"]
[Black "Moskalenko, Alexander"]
[Result "1-0"]
[LiveChessVersion "1.4.4"]
[BlackElo "2494"]
[WhiteElo "2676"]

1. e4 {[%clk 0:15:19]} d5 {[%clk 0:15:20]} 2. exd5 {[%clk 0:15:27]} Nf6
{[%clk 0:15:29]} 3. d4 {[%clk 0:15:36]} Bg4 {[%clk 0:15:37]} 4. Bb5+
{[%clk 0:15:33]} Nbd7 {[%clk 0:15:43]} 5. f3 {[%clk 0:15:41]} Bf5
{[%clk 0:15:50]} 6. c4 {[%clk 0:15:50]} e6 {[%clk 0:15:45]} 7. dxe6
{[%clk 0:13:16]} Bxe6 {[%clk 0:15:38]} 8. d5 {[%clk 0:13:24]} Bf5
{[%clk 0:15:46]} 9. Nc3 {[%clk 0:13:30]} Bc5 {[%clk 0:15:53]} 10. Qe2+
{[%clk 0:13:36]} Qe7 {[%clk 0:15:45]} 11. Bf4 {[%clk 0:13:26]} O-O-O
{[%clk 0:15:34]} 12. O-O-O {[%clk 0:11:23]} Rhe8 {[%clk 0:13:04]} 13. Qxe7
{[%clk 0:06:16]} Rxe7 {[%clk 0:13:02]} 14. Bxd7+ {[%clk 0:04:45]} Nxd7
{[%clk 0:11:13]} 15. Nge2 {[%clk 0:04:46]} Ne5 {[%clk 0:11:02]} 16. Ng3
{[%clk 0:04:43]} Nd3+ {[%clk 0:06:39]} 17. Kc2 {[%clk 0:04:52]} Nxf4+
{[%clk 0:05:06]} 18. Nxf5 {[%clk 0:05:00]} Re5 {[%clk 0:05:12]} 19. g4
{[%clk 0:04:57]} g6 {[%clk 0:04:25]} 20. Ng3 {[%clk 0:03:43]} Re3
{[%clk 0:03:03]} 21. Nce4 {[%clk 0:03:20]} Be7 {[%clk 0:02:57]} 22. Rde1
{[%clk 0:02:53]} Rxe1 {[%clk 0:01:58]} 23. Rxe1 {[%clk 0:03:01]} c6
{[%clk 0:01:21]} 24. Nc3 {[%clk 0:02:21]} Bd6 {[%clk 0:00:43]} 25. dxc6
{[%clk 0:02:16]} bxc6 {[%clk 0:00:51]} 26. Nge4 {[%clk 0:02:00]} Ng2
{[%clk 0:00:19]} 27. Re2 {[%clk 0:02:02]} Nh4 {[%clk 0:00:24]} 28. Nxd6+
{[%clk 0:02:01]} Rxd6 {[%clk 0:00:33]} 29. Re7 {[%clk 0:00:47]} Rd7
{[%clk 0:00:42]} 30. Re3 {[%clk 0:00:55]} f5 {[%clk 0:00:46]} 31. Ne2
{[%clk 0:00:40]} Ng2 {[%clk 0:00:32]} 32. Re8+ {[%clk 0:00:48]} Kb7
{[%clk 0:00:42]} 33. Kc3 {[%clk 0:00:48]} Nh4 {[%clk 0:00:27]} 34. Nd4
{[%clk 0:00:48]} c5 {[%clk 0:00:15]} 35. Ne6 {[%clk 0:00:53]} Kb6
{[%clk 0:00:20]} 36. Rb8+ {[%clk 0:00:56]} Kc6 {[%clk 0:00:30]} 37. Rc8+ Kd6 38.
Nxc5 {[%clk 0:01:13]} Re7 {[%clk 0:00:49]} 39. gxf5 {[%clk 0:01:14]} gxf5
{[%clk 0:00:58]} 40. f4 {[%clk 0:01:22]} Ng2 {[%clk 0:00:36]} 41. Nd3
{[%clk 0:01:25]} Re3 {[%clk 0:00:42]} 42. Kb4 {[%clk 0:00:57]} Re4
{[%clk 0:00:17]} 43. Rd8+ {[%clk 0:01:03]} Kc7 {[%clk 0:00:22]} 44. Rh8
{[%clk 0:01:10]} Nxf4 {[%clk 0:00:28]} 45. Rxh7+ {[%clk 0:01:18]} Kb6
{[%clk 0:00:33]} 46. Nxf4 {[%clk 0:01:22]} a5+ {[%clk 0:00:43]} 47. Kc3
{[%clk 0:01:11]} Rxf4 {[%clk 0:00:52]} 48. h4 {[%clk 0:01:19]} Rf3+
{[%clk 0:00:29]} 49. Kd4 {[%clk 0:01:27]} Rf2 {[%clk 0:00:34]} 50. c5+
{[%clk 0:01:34]} Kc6 {[%clk 0:00:33]} 51. Rh6+ {[%clk 0:01:42]} Kc7
{[%clk 0:00:42]} 52. Kc3 {[%clk 0:00:23]} Rf3+ {[%clk 0:00:20]} 53. Kc4
{[%clk 0:00:32]} Rf2 {[%clk 0:00:30]} 54. Rb6 {[%clk 0:00:23]} Rc2+
{[%clk 0:00:24]} 55. Kd4 {[%clk 0:00:15]} Rh2 {[%clk 0:00:23]} 56. Rh6
{[%clk 0:00:11]} Rxb2 {[%clk 0:00:28]} 57. a3 {[%clk 0:00:20]} Rb3
{[%clk 0:00:19]} 58. a4 {[%clk 0:00:29]} Rb1 {[%clk 0:00:12]} 59. h5
{[%clk 0:00:37]} f4 {[%clk 0:00:20]} 60. Rf6 {[%clk 0:00:43]} Rd1+
{[%clk 0:00:27]} 61. Kc4 {[%clk 0:00:51]} Rh1 {[%clk 0:00:26]} 62. h6
{[%clk 0:01:00]} f3 {[%clk 0:00:35]} 63. Kb5 {[%clk 0:01:06]} f2 {[%clk 0:00:42]}
64. Rf7+ {[%clk 0:01:11]} Kc8 {[%clk 0:00:52]} 65. Rxf2 {[%clk 0:01:16]} Rxh6
{[%clk 0:01:01]} 66. Kxa5 {[%clk 0:01:19]} Rh1 {[%clk 0:00:36]} 67. Kb6
{[%clk 0:01:26]} Rb1+ {[%clk 0:00:45]} 68. Kc6 {[%clk 0:01:35]} Kb8
{[%clk 0:00:54]} 69. Rf7 {[%clk 0:01:14]} Ra1 {[%clk 0:00:35]} 70. a5
{[%clk 0:01:22]} Rb1 {[%clk 0:00:27]} 71. Rg7 {[%clk 0:01:16]} Ka8
{[%clk 0:00:32]} 72. a6 {[%clk 0:01:20]} Rh1 {[%clk 0:00:28]} 73. Kb6
{[%clk 0:01:28]} Rb1+ {[%clk 0:00:37]} 74. Kc7 {[%clk 0:01:33]} Ka7
{[%clk 0:00:21]} 75. c6 {[%clk 0:01:36]} Rc1 {[%clk 0:00:18]} 76. Kd8+
{[%clk 0:01:08]} Kb6 {[%clk 0:00:11]} 77. c7 {[%clk 0:01:15]} Rd1+
{[%clk 0:00:18]} 78. Rd7 {[%clk 0:01:23]} Rh1 {[%clk 0:00:27]} 79. Rd6+
{[%clk 0:01:31]} Kc5 {[%clk 0:00:35]} 80. c8=Q+ {[%clk 0:01:38]} Kxd6
{[%clk 0:00:44]} 81. Qd7+ {[%clk 0:01:46]} 1-0

[Event "TeamRussiamenrapid"]
[Site "?"]
[Date "2016.10.06"]
[Round "9.6"]
[White "Paravyan, David"]
[Black "Bocharov, Dmitry"]
[Result "1-0"]
[LiveChessVersion "1.4.4"]
[BlackElo "2612"]
[WhiteElo "2500"]

1. d4 {[%clk 0:15:19]} Nf6 {[%clk 0:15:16]} 2. c4 {[%clk 0:15:27]} e6
{[%clk 0:15:24]} 3. Nc3 {[%clk 0:15:33]} Bb4 {[%clk 0:15:21]} 4. e3
{[%clk 0:15:42]} O-O {[%clk 0:15:26]} 5. Bd3 {[%clk 0:15:51]} d5 {[%clk 0:15:34]}
6. Nf3 {[%clk 0:15:59]} c5 {[%clk 0:15:41]} 7. cxd5 {[%clk 0:16:03]} exd5
{[%clk 0:14:30]} 8. dxc5 {[%clk 0:16:11]} Bxc5 {[%clk 0:14:23]} 9. h3
{[%clk 0:16:12]} Nc6 {[%clk 0:14:25]} 10. O-O {[%clk 0:16:20]} a6
{[%clk 0:14:32]} 11. b3 {[%clk 0:16:28]} d4 {[%clk 0:14:06]} 12. Na4
{[%clk 0:16:37]} Ba7 {[%clk 0:14:13]} 13. exd4 {[%clk 0:16:45]} Nxd4
{[%clk 0:13:24]} 14. Bb2 {[%clk 0:16:54]} Nc6 {[%clk 0:12:22]} 15. Rc1
{[%clk 0:16:54]} Re8 {[%clk 0:08:57]} 16. Qd2 {[%clk 0:17:03]} h6
{[%clk 0:07:45]} 17. Rfd1 {[%clk 0:16:56]} Qe7 {[%clk 0:07:36]} 18. Qf4
{[%clk 0:14:24]} Be6 {[%clk 0:06:54]} 19. Bxf6 {[%clk 0:14:22]} Qxf6
{[%clk 0:07:00]} 20. Qxf6 {[%clk 0:14:29]} gxf6 {[%clk 0:07:08]} 21. Bxa6
{[%clk 0:13:59]} Bxf2+ 22. Kxf2 {[%clk 0:14:07]} Rxa6 {[%clk 0:05:20]} 23. Nd4
{[%clk 0:11:03]} Ne5 {[%clk 0:03:24]} 24. Rc7 {[%clk 0:08:21]} Rb8
{[%clk 0:02:23]} 25. Rd2 {[%clk 0:07:36]} Rd6 {[%clk 0:01:52]} 26. Nc5
{[%clk 0:07:16]} Rbd8 {[%clk 0:00:47]} 27. Ke3 {[%clk 0:07:22]} Bc8
{[%clk 0:00:31]} 28. Ne4 {[%clk 0:06:43]} Ra6 {[%clk 0:00:28]} 29. Ne6
{[%clk 0:05:09]} Bxe6 {[%clk 0:00:19]} 30. Rxd8+ {[%clk 0:05:18]} Kg7
{[%clk 0:00:27]} 31. Nc5 {[%clk 0:05:20]} Rb6 {[%clk 0:00:29]} 32. Rxb7
{[%clk 0:05:12]} Rc6 {[%clk 0:00:26]} 33. Nxe6+ {[%clk 0:04:53]} Rxe6
{[%clk 0:00:34]} 34. Kf2 {[%clk 0:04:58]} Rc6 {[%clk 0:00:42]} 35. Rd2
{[%clk 0:05:05]} f5 {[%clk 0:00:50]} 36. a4 {[%clk 0:05:02]} f4 {[%clk 0:00:50]}
37. a5 {[%clk 0:05:08]} f3 {[%clk 0:00:58]} 38. gxf3 {[%clk 0:05:08]} Rc3
{[%clk 0:00:59]} 39. a6 {[%clk 0:05:02]} Rxf3+ {[%clk 0:00:59]} 40. Kg2
{[%clk 0:05:04]} Rf6 {[%clk 0:00:56]} 41. Ra2 {[%clk 0:05:08]} Rg6+
{[%clk 0:00:14]} 42. Kf1 {[%clk 0:05:17]} Rf6+ {[%clk 0:00:21]} 43. Ke2
{[%clk 0:05:22]} Re6 {[%clk 0:00:15]} 44. a7 {[%clk 0:05:26]} 1-0

[Event "TeamRussiamenrapid"]
[Site "?"]
[Date "2016.10.06"]
[Round "9.7"]
[White "Zablotsky, Sergei"]
[Black "Matinian, Nikita"]
[Result "1/2-1/2"]
[LiveChessVersion "1.4.4"]
[BlackElo "2493"]
[WhiteElo "2493"]

1. d4 {[%clk 0:15:19]} Nf6 {[%clk 0:15:19]} 2. c4 {[%clk 0:15:27]} g6
{[%clk 0:15:28]} 3. Nc3 {[%clk 0:15:35]} d5 {[%clk 0:15:37]} 4. e3
{[%clk 0:15:37]} Bg7 {[%clk 0:15:45]} 5. Qb3 {[%clk 0:15:45]} e6 {[%clk 0:15:27]}
6. Qa3 {[%clk 0:15:54]} Qe7 {[%clk 0:13:59]} 7. Qxe7+ {[%clk 0:15:12]} Kxe7
{[%clk 0:14:07]} 8. Nf3 {[%clk 0:15:14]} Rd8 {[%clk 0:14:06]} 9. b3
{[%clk 0:14:56]} c6 {[%clk 0:13:49]} 10. a4 {[%clk 0:14:52]} a5 {[%clk 0:13:45]}
11. Ba3+ {[%clk 0:14:55]} Ke8 {[%clk 0:13:53]} 12. Bd3 {[%clk 0:13:34]} Na6
{[%clk 0:14:01]} 13. Ke2 {[%clk 0:12:25]} Bf8 {[%clk 0:11:01]} 14. Bxf8
{[%clk 0:12:29]} Kxf8 {[%clk 0:11:10]} 15. e4 {[%clk 0:08:28]} Nb4
{[%clk 0:09:29]} 16. e5 {[%clk 0:07:54]} Nh5 {[%clk 0:09:37]} 17. g3
{[%clk 0:07:48]} b6 {[%clk 0:09:45]} 18. Rac1 {[%clk 0:06:21]} Ba6
{[%clk 0:09:42]} 19. Rhd1 {[%clk 0:06:00]} f6 {[%clk 0:08:18]} 20. Ke3
{[%clk 0:04:32]} Nxd3 {[%clk 0:07:15]} 21. Kxd3 {[%clk 0:04:38]} Rac8
{[%clk 0:06:42]} 22. Ke3 {[%clk 0:02:43]} dxc4 {[%clk 0:06:31]} 23. Ne4
{[%clk 0:02:51]} cxb3 {[%clk 0:06:11]} 24. exf6 {[%clk 0:02:58]} c5
{[%clk 0:03:32]} 25. dxc5 {[%clk 0:02:30]} bxc5 {[%clk 0:03:14]} 26. Rxd8+
{[%clk 0:02:00]} Rxd8 {[%clk 0:03:24]} 27. Nxc5 {[%clk 0:02:08]} Rc8
{[%clk 0:03:00]} 28. Nxb3 {[%clk 0:01:24]} Rxc1 {[%clk 0:03:07]} 29. Nxc1
{[%clk 0:01:33]} Nxf6 {[%clk 0:03:15]} 30. Nb3 {[%clk 0:01:38]} Ng4+
{[%clk 0:03:07]} 31. Kd4 {[%clk 0:01:38]} Be2 {[%clk 0:02:53]} 32. Ng5
{[%clk 0:00:59]} Bd1 {[%clk 0:02:56]} 33. Nxa5 {[%clk 0:00:42]} Bxa4
{[%clk 0:02:55]} 34. Nxe6+ {[%clk 0:00:39]} Ke7 {[%clk 0:02:25]} 35. Nc5
{[%clk 0:00:43]} Bd1 {[%clk 0:02:12]} 36. Nc4 {[%clk 0:00:35]} 1/2-1/2

[Event "TeamRussiamenrapid"]
[Site "?"]
[Date "2016.10.06"]
[Round "9.8"]
[White "Vastrukhin, Oleg"]
[Black "Evdokimov, Alexander A."]
[Result "1-0"]
[LiveChessVersion "1.4.4"]
[BlackElo "2467"]
[WhiteElo "2456"]

1. Nf3 {[%clk 0:15:18]} Nf6 {[%clk 0:15:17]} 2. g3 {[%clk 0:15:26]} b6
{[%clk 0:15:20]} 3. Bg2 {[%clk 0:15:35]} Bb7 {[%clk 0:15:29]} 4. O-O
{[%clk 0:15:43]} c5 {[%clk 0:15:37]} 5. d3 {[%clk 0:15:51]} e6 {[%clk 0:15:34]}
6. Nbd2 {[%clk 0:15:56]} Be7 {[%clk 0:15:20]} 7. e4 {[%clk 0:15:57]} d6
{[%clk 0:15:08]} 8. a4 {[%clk 0:15:02]} a6 {[%clk 0:14:39]} 9. Nc4
{[%clk 0:15:04]} Nbd7 {[%clk 0:14:28]} 10. b3 {[%clk 0:14:15]} O-O
{[%clk 0:14:17]} 11. Bb2 {[%clk 0:14:23]} b5 {[%clk 0:14:12]} 12. Ne3
{[%clk 0:14:29]} Bc6 {[%clk 0:13:32]} 13. e5 {[%clk 0:13:38]} dxe5
{[%clk 0:13:38]} 14. Nxe5 {[%clk 0:13:43]} Bxg2 {[%clk 0:13:28]} 15. Kxg2
{[%clk 0:13:49]} Qc7 {[%clk 0:13:16]} 16. Nxd7 {[%clk 0:13:04]} Qb7+
{[%clk 0:12:39]} 17. Qf3 {[%clk 0:12:20]} Qxf3+ {[%clk 0:12:48]} 18. Kxf3
{[%clk 0:12:29]} Nxd7 {[%clk 0:12:56]} 19. h4 {[%clk 0:12:36]} Bf6
{[%clk 0:12:47]} 20. Bxf6 {[%clk 0:12:08]} Nxf6 {[%clk 0:12:55]} 21. axb5
{[%clk 0:11:05]} axb5 {[%clk 0:13:03]} 22. Rfb1 {[%clk 0:11:14]} b4
{[%clk 0:06:02]} 23. g4 {[%clk 0:09:04]} h6 {[%clk 0:05:31]} 24. g5
{[%clk 0:09:08]} hxg5 {[%clk 0:05:06]} 25. hxg5 {[%clk 0:09:15]} Nd5
{[%clk 0:05:15]} 26. Nxd5 {[%clk 0:08:37]} exd5 {[%clk 0:05:23]} 27. Kf4
{[%clk 0:08:46]} Rac8 {[%clk 0:03:41]} 28. Re1 {[%clk 0:08:19]} Kh7
{[%clk 0:02:44]} 29. Re5 {[%clk 0:07:55]} Rcd8 {[%clk 0:02:34]} 30. Ra7
{[%clk 0:07:27]} Rd6 {[%clk 0:01:23]} 1-0

[Event "TeamRussiamenrapid"]
[Site "?"]
[Date "2016.10.06"]
[Round "9.9"]
[White "Artemiev, Vladislav"]
[Black "Fedoseev, Vladimir"]
[Result "1/2-1/2"]
[LiveChessVersion "1.4.4"]
[BlackElo "2740"]
[WhiteElo "2701"]

1. d4 {[%clk 0:15:14]} d5 {[%clk 0:15:16]} 2. Bf4 {[%clk 0:15:16]} c5
{[%clk 0:15:13]} 3. e3 {[%clk 0:15:24]} Nc6 {[%clk 0:15:20]} 4. Nf3
{[%clk 0:15:03]} Nf6 {[%clk 0:15:26]} 5. Nbd2 {[%clk 0:14:58]} e6
{[%clk 0:15:33]} 6. c3 {[%clk 0:15:04]} Be7 {[%clk 0:15:39]} 7. h3
{[%clk 0:15:10]} Bd6 {[%clk 0:15:47]} 8. dxc5 {[%clk 0:14:33]} Bxc5
{[%clk 0:15:52]} 9. Bd3 {[%clk 0:14:41]} O-O {[%clk 0:14:55]} 10. O-O
{[%clk 0:14:25]} Bd6 {[%clk 0:13:41]} 11. Bxd6 {[%clk 0:14:23]} Qxd6
{[%clk 0:13:48]} 12. e4 {[%clk 0:14:31]} Bd7 {[%clk 0:13:42]} 13. Re1
{[%clk 0:14:04]} Qc7 {[%clk 0:10:48]} 14. exd5 {[%clk 0:04:48]} Nxd5
{[%clk 0:10:53]} 15. Qc2 {[%clk 0:04:13]} h6 {[%clk 0:10:47]} 16. Nc4
{[%clk 0:03:49]} Rfd8 {[%clk 0:09:11]} 17. Rad1 {[%clk 0:03:44]} Rac8
{[%clk 0:09:10]} 18. Bh7+ {[%clk 0:03:11]} Kf8 {[%clk 0:08:39]} 19. Be4
{[%clk 0:02:19]} Nf6 {[%clk 0:08:05]} 20. Nd6 {[%clk 0:02:16]} Rb8
{[%clk 0:08:06]} 21. Rd2 {[%clk 0:01:30]} Be8 {[%clk 0:05:48]} 22. Red1
{[%clk 0:01:30]} a6 {[%clk 0:05:29]} 23. Nxe8 {[%clk 0:01:14]} Kxe8
{[%clk 0:05:33]} 24. Bxc6+ {[%clk 0:01:10]} Qxc6 {[%clk 0:05:36]} 25. Ne5
{[%clk 0:01:08]} Qc7 {[%clk 0:05:23]} 26. Qa4+ {[%clk 0:01:01]} b5
{[%clk 0:05:16]} 27. Rxd8+ {[%clk 0:01:09]} Rxd8 {[%clk 0:05:25]} 28. Rxd8+
{[%clk 0:01:17]} Kxd8 {[%clk 0:05:31]} 29. Qd4+ {[%clk 0:01:24]} Ke7
{[%clk 0:05:26]} 30. c4 {[%clk 0:00:50]} bxc4 {[%clk 0:05:21]} 31. Nxc4
{[%clk 0:00:59]} Nd5 {[%clk 0:05:09]} 32. b3 {[%clk 0:01:06]} f6 {[%clk 0:04:25]}
33. g3 {[%clk 0:01:11]} Kf7 {[%clk 0:04:04]} 34. h4 {[%clk 0:01:17]} Kg8
{[%clk 0:03:30]} 35. Kf1 {[%clk 0:00:50]} Qc6 {[%clk 0:03:33]} 36. Qe4
{[%clk 0:00:25]} Qd7 {[%clk 0:03:04]} 37. Qd3 {[%clk 0:00:20]} Qc6
{[%clk 0:02:53]} 38. Qe4 Qd7 1/2-1/2

[Event "TeamRussiamenrapid"]
[Site "?"]
[Date "2016.10.06"]
[Round "9.11"]
[White "Timofeev, Artyom"]
[Black "Predke, Alexandr"]
[Result "1-0"]
[LiveChessVersion "1.4.4"]
[BlackElo "2618"]
[WhiteElo "2566"]

1. e4 {[%clk 0:15:17]} c6 {[%clk 0:15:19]} 2. d4 {[%clk 0:15:02]} d5
{[%clk 0:15:26]} 3. f3 {[%clk 0:15:10]} e6 {[%clk 0:15:27]} 4. Nc3
{[%clk 0:15:16]} Nf6 {[%clk 0:15:24]} 5. Be3 {[%clk 0:15:09]} Qb6
{[%clk 0:15:08]} 6. Rb1 {[%clk 0:14:52]} c5 {[%clk 0:14:09]} 7. exd5
{[%clk 0:14:49]} exd5 {[%clk 0:14:02]} 8. Bb5+ {[%clk 0:14:57]} Bd7
{[%clk 0:13:09]} 9. Qe2 {[%clk 0:14:29]} Qe6 {[%clk 0:10:29]} 10. dxc5
{[%clk 0:14:15]} Nc6 {[%clk 0:10:31]} 11. Bxc6 {[%clk 0:14:19]} Qxc6
{[%clk 0:10:02]} 12. Bd4+ {[%clk 0:14:12]} Be6 {[%clk 0:10:04]} 13. Qb5
{[%clk 0:13:13]} Nd7 {[%clk 0:09:51]} 14. Qxc6 {[%clk 0:12:28]} bxc6
{[%clk 0:09:59]} 15. b4 {[%clk 0:12:36]} a5 {[%clk 0:10:05]} 16. a3
{[%clk 0:12:39]} f6 {[%clk 0:10:12]} 17. f4 {[%clk 0:12:29]} Kf7 {[%clk 0:09:48]}
18. Nf3 {[%clk 0:11:47]} Be7 {[%clk 0:09:54]} 19. Kd2 {[%clk 0:11:49]} Bg4
{[%clk 0:08:46]} 20. Rhf1 {[%clk 0:10:08]} Nf8 {[%clk 0:08:47]} 21. h3
{[%clk 0:10:13]} Bxf3 {[%clk 0:08:54]} 22. Rxf3 {[%clk 0:10:22]} Ne6
{[%clk 0:09:03]} 23. Ne2 {[%clk 0:10:15]} Rhb8 {[%clk 0:08:10]} 24. Rfb3
{[%clk 0:09:29]} g6 {[%clk 0:08:02]} 25. c3 {[%clk 0:08:39]} a4 {[%clk 0:08:05]}
26. R3b2 {[%clk 0:08:45]} Nc7 {[%clk 0:07:51]} 27. Be3 {[%clk 0:08:09]} Ke6
{[%clk 0:05:40]} 28. Nd4+ {[%clk 0:08:04]} Kd7 {[%clk 0:05:48]} 29. f5
{[%clk 0:08:09]} gxf5 {[%clk 0:05:03]} 30. Bf4 {[%clk 0:07:19]} Rg8
{[%clk 0:05:11]} 31. Bxc7 {[%clk 0:07:26]} Rxg2+ {[%clk 0:05:19]} 32. Ke3
{[%clk 0:06:53]} Rxb2 {[%clk 0:05:20]} 33. Rxb2 {[%clk 0:07:01]} Kxc7
{[%clk 0:05:29]} 34. Rg2 {[%clk 0:07:08]} Bf8 {[%clk 0:05:30]} 35. Ne6+
{[%clk 0:07:00]} Kd7 {[%clk 0:05:39]} 36. Nxf8+ {[%clk 0:07:08]} Rxf8
{[%clk 0:05:48]} 37. Rg7+ {[%clk 0:07:16]} Ke6 {[%clk 0:05:56]} 38. Rc7
{[%clk 0:07:17]} d4+ {[%clk 0:05:31]} 39. Kxd4 {[%clk 0:04:47]} Rd8+
{[%clk 0:05:34]} 40. Kc4 {[%clk 0:04:56]} f4 {[%clk 0:05:33]} 41. Rxc6+
{[%clk 0:05:04]} Ke5 {[%clk 0:05:29]} 42. Rd6 {[%clk 0:05:07]} Rg8
{[%clk 0:05:38]} 43. Rd1 {[%clk 0:05:02]} f3 {[%clk 0:05:38]} 44. Re1+
{[%clk 0:03:42]} Kf4 {[%clk 0:05:43]} 45. c6 {[%clk 0:03:50]} f2 {[%clk 0:05:36]}
46. Rf1 {[%clk 0:03:58]} Ke3 {[%clk 0:05:29]} 47. b5 {[%clk 0:04:05]} Ke2
{[%clk 0:04:27]} 48. Rxf2+ {[%clk 0:04:07]} Kxf2 {[%clk 0:04:35]} 49. b6
{[%clk 0:04:16]} f5 {[%clk 0:04:23]} 50. b7 {[%clk 0:04:22]} Rb8 {[%clk 0:04:18]}
51. c7 {[%clk 0:04:18]} Rxb7 {[%clk 0:04:26]} 52. c8=Q {[%clk 0:04:24]} Rf7
{[%clk 0:04:15]} 53. Qe6 {[%clk 0:03:53]} Rf8 {[%clk 0:04:19]} 54. Qe7
{[%clk 0:03:46]} Rc8+ {[%clk 0:04:27]} 55. Kd3 {[%clk 0:03:54]} f4
{[%clk 0:04:18]} 56. Qe2+ {[%clk 0:04:02]} 1-0

[Event "TeamRussiamenrapid"]
[Site "?"]
[Date "2016.10.06"]
[Round "9.12"]
[White "Yuffa, Daniil"]
[Black "Hasangatin, Ramil"]
[Result "1-0"]
[LiveChessVersion "1.4.4"]
[BlackElo "2481"]
[WhiteElo "2566"]

1. d4 {[%clk 0:15:18]} d6 {[%clk 0:15:19]} 2. Nf3 {[%clk 0:15:27]} Bg4
{[%clk 0:15:28]} 3. c4 {[%clk 0:15:33]} Bxf3 {[%clk 0:15:36]} 4. exf3
{[%clk 0:15:40]} c6 {[%clk 0:15:44]} 5. d5 {[%clk 0:15:49]} g6 {[%clk 0:15:48]}
6. Nc3 {[%clk 0:15:47]} Bg7 {[%clk 0:15:57]} 7. Be3 {[%clk 0:14:57]} Nf6
{[%clk 0:16:05]} 8. Be2 {[%clk 0:14:56]} O-O {[%clk 0:16:13]} 9. O-O
{[%clk 0:15:04]} Nbd7 {[%clk 0:16:20]} 10. Qa4 {[%clk 0:14:41]} Qc7
{[%clk 0:16:22]} 11. Rac1 {[%clk 0:14:25]} Rfc8 {[%clk 0:16:07]} 12. Rfd1
{[%clk 0:13:05]} a6 {[%clk 0:14:08]} 13. Qb3 {[%clk 0:12:05]} Rab8
{[%clk 0:13:05]} 14. Qa3 {[%clk 0:11:06]} c5 {[%clk 0:10:12]} 15. Qa4
{[%clk 0:10:02]} Ra8 {[%clk 0:09:17]} 16. Qc2 {[%clk 0:09:51]} Qd8
{[%clk 0:09:14]} 17. g4 {[%clk 0:09:51]} Rcb8 {[%clk 0:09:08]} 18. h4
{[%clk 0:09:23]} Ne8 {[%clk 0:08:38]} 19. a4 {[%clk 0:08:48]} 1-0

[Event "TeamRussiamenrapid"]
[Site "?"]
[Date "2016.10.06"]
[Round "9.13"]
[White "Tregubov, Pavel V."]
[Black "Bologan, Victor"]
[Result "1-0"]
[LiveChessVersion "1.4.4"]
[BlackElo "2569"]
[WhiteElo "2580"]

1. d4 {[%clk 0:15:19]} Nf6 {[%clk 0:15:08]} 2. c4 {[%clk 0:15:27]} e6
{[%clk 0:15:09]} 3. Nc3 {[%clk 0:15:33]} Bb4 {[%clk 0:15:16]} 4. e3
{[%clk 0:15:41]} O-O {[%clk 0:15:05]} 5. Bd3 {[%clk 0:15:49]} d5 {[%clk 0:15:11]}
6. Nge2 {[%clk 0:15:53]} c5 {[%clk 0:14:42]} 7. cxd5 {[%clk 0:15:50]} cxd4
{[%clk 0:14:44]} 8. exd4 {[%clk 0:15:57]} Nxd5 {[%clk 0:14:42]} 9. O-O
{[%clk 0:16:02]} Nf6 {[%clk 0:14:34]} 10. Bg5 {[%clk 0:15:47]} Be7
{[%clk 0:14:33]} 11. Bc2 {[%clk 0:15:44]} Nc6 {[%clk 0:14:38]} 12. a3
{[%clk 0:15:52]} b6 {[%clk 0:14:11]} 13. Qd3 {[%clk 0:15:54]} g6 {[%clk 0:14:18]}
14. Rad1 {[%clk 0:15:48]} Bb7 {[%clk 0:14:18]} 15. Bb3 {[%clk 0:11:55]} Ng4
{[%clk 0:10:11]} 16. Bf4 {[%clk 0:11:37]} e5 {[%clk 0:08:28]} 17. Bg3
{[%clk 0:10:00]} Nxd4 {[%clk 0:05:40]} 18. Nxd4 {[%clk 0:10:06]} exd4
{[%clk 0:05:36]} 19. Qxd4 {[%clk 0:10:04]} Qxd4 {[%clk 0:05:40]} 20. Rxd4
{[%clk 0:10:13]} Nf6 {[%clk 0:05:43]} 21. Bd6 {[%clk 0:06:58]} Bxd6
{[%clk 0:05:36]} 22. Rxd6 {[%clk 0:07:06]} Kg7 {[%clk 0:05:45]} 23. f3
{[%clk 0:07:14]} Rfe8 {[%clk 0:04:35]} 24. Kf2 {[%clk 0:07:01]} Rad8
{[%clk 0:03:31]} 25. Rfd1 {[%clk 0:07:05]} Rxd6 {[%clk 0:03:31]} 26. Rxd6
{[%clk 0:07:14]} Re7 {[%clk 0:03:32]} 27. Nb5 {[%clk 0:06:08]} Ba6
{[%clk 0:03:16]} 28. Nd4 {[%clk 0:06:16]} Rc7 {[%clk 0:03:19]} 29. g4
{[%clk 0:06:10]} Nd7 {[%clk 0:01:43]} 30. Rc6 {[%clk 0:05:31]} Rxc6
{[%clk 0:01:44]} 31. Nxc6 {[%clk 0:05:40]} Nc5 {[%clk 0:01:52]} 32. Bc2
{[%clk 0:05:45]} Bd3 {[%clk 0:01:53]} 33. Bd1 {[%clk 0:03:37]} a5
{[%clk 0:01:57]} 34. Ke3 {[%clk 0:03:41]} Bb5 {[%clk 0:02:03]} 35. Ne7
{[%clk 0:02:28]} Kf8 {[%clk 0:01:50]} 36. Nd5 {[%clk 0:02:31]} Nd7
{[%clk 0:01:57]} 37. g5 {[%clk 0:02:15]} Bc6 {[%clk 0:01:37]} 38. Kd4
{[%clk 0:02:24]} Nc5 {[%clk 0:01:25]} 39. h4 {[%clk 0:02:00]} Bxd5
{[%clk 0:00:50]} 40. Kxd5 {[%clk 0:02:09]} Nd3 {[%clk 0:00:59]} 41. b3
{[%clk 0:01:44]} b5 {[%clk 0:01:02]} 42. Kc6 {[%clk 0:01:01]} b4 {[%clk 0:00:44]}
43. a4 {[%clk 0:01:10]} Ke7 {[%clk 0:00:53]} 44. Kb5 {[%clk 0:00:58]} Kd6
{[%clk 0:01:02]} 45. Kxa5 {[%clk 0:00:57]} Kc5 {[%clk 0:01:09]} 46. Ka6
{[%clk 0:01:04]} Kc6 {[%clk 0:01:07]} 47. Bc2 {[%clk 0:00:32]} Nf4
{[%clk 0:01:10]} 48. Be4+ {[%clk 0:00:38]} Kc7 {[%clk 0:01:03]} 49. Kb5
{[%clk 0:00:47]} Ng2 {[%clk 0:01:04]} 50. Kxb4 {[%clk 0:00:56]} Nxh4
{[%clk 0:01:12]} 51. f4 {[%clk 0:00:54]} 1-0